| 000 | 00345nam a2200133Ia 4500 | ||
|---|---|---|---|
| 008 | 240624s9999 xx 000 0 und d | ||
| 041 | _aeng | ||
| 082 | _a302.23 FEN | ||
| 100 | _aFENTON NATALIE | ||
| 245 | _aNEW MEDIA OLD NEWS JOURNALISM AND DEMOCR | ||
| 260 |
_c2009 _aLos Angeles _bSage Publications |
||
| 300 | _a232 : p. | ||
| 365 |
_cBPS _b30 |
||
| 999 |
_c14367 _d14367 |
||